000 00498nam a2200193Ia 4500
005 20250423100532.0
008 250422s9999 xx 000 0 und d
020 _a9780791860229
050 _aTJ 901 .B68/
100 _aBotros, Kamal K.
245 0 _aPipeline pumping and compression systems: a practical approach
250 _a2nd ed.
260 _aNew York
260 _bASME press
260 _c2013
300 _a592 p
650 _a Pumping machinery. Pipelines.
942 _cBK
999 _c33602
_d33602